Music Quiz

Random Music or Clickable Quiz
Score 0/50 Timer 06:00
29 Plays Today
% Correct
Nothing
89.3%
Baby
89.1%
Live
88.1%
Glory
86.8%
Make
86.6%
Came
86.1%
Opposites
84.8%
Gun
84.3%
Love
82.2%
Fallin'
80.3%
All
79.9%
Cherry
79.1%
Black
78.8%
Words
78.7%
Seen
76.5%
Tonight
74.1%
Affection
71.4%
Man
71.1%
Distance
67.7%
Groove
66.5%
Suicide
60.5%
Down
59.8%
Diner
59.5%
Cat
59.4%
Back
59.3%
% Correct
Humpty
58.5%
Downtown
58.2%
Children
57.6%
Praying
57.2%
Hold
55.3%
Together
54.2%
Cradle
53.9%
Vision
53.7%
Temple
53%
Heart
52.8%
She
49.6%
Unskinny
47.4%
Knockin'
46.7%
Benefit
45.8%
Close
45.7%
Release
42.8%
Banned
42.4%
Rub
42.2%
Everybody
42.1%
Everything
41.1%
Rich
38%
Do
36.7%
Two
28.1%
Postman
25.3%
Jerk
18.5%

You're not logged in!

Compare scores with friends on all Sporcle quizzes.
OR
Log In

Sporcle TV

Today on Sporcle TV


Watch our educational content, quiz creation guides, and fun videos on Sporcle TV.

Show Comments

Extras

Top Quizzes Today


Score Distribution

Paid Content

Your Account Isn't Verified!

In order to create a playlist on Sporcle, you need to verify the email address you used during registration. Go to your Sporcle Settings to finish the process.

Report this User

Report this user for behavior that violates our Community Guidelines.

Details: